All Taylor Swift Features - Statistics

General Stats
  • This quiz has been taken 32 times
  • The average score is 41 of 49
Answer Stats
Feature Song % Correct
Kendrick Lamar Bad Blood
95%
Ed Sheeran Everything Has Changed
95%
Bon Iver exile
95%
Ice Spice Karma
95%
Brendon Urie, Panic! At The Disco ME!
95%
HAIM no body, no crime
95%
Lana Del Rey Snow On The Beach
95%
Bleachers Anti-Hero
90%
Jayda G (Remix) Anti-Hero
90%
Kungs (Remix) Anti-Hero
90%
Roosevelt (Remix) Anti-Hero
90%
ILLENIUM (Remix) Anti-Hero
90%
Sugarland Babe
90%
Hayley Williams Castles Crumbling
90%
The National coney island
90%
Fall Out Boy Electric Touch
90%
Ed Sheeran, Future End Game
90%
Florence + The Machine Florida!!!
90%
Post Malone Fortnight
90%
ZAYN I Don't Wanna Live Forever
90%
Shawn Mendes (Remix) Lover
90%
Ed Sheeran Run
90%
Colbie Caillat Breathe
85%
Sawyr, Ryan Tedder Delicate
85%
Seeb (Remix) Delicate
85%
Bon Iver evermore
85%
Felix Jaehn (Remix) Lavender Haze
85%
Jungle (Remix) Lavender Haze
85%
Snakehips (Remix) Lavender Haze
85%
Tensnake (Remix) Lavender Haze
85%
Phoebe Bridgers Nothing New
85%
The Chicks Soon You'll Get Better
85%
Ed Sheeran The Joker And The Queen
85%
Gary Lightbody The Last Time
85%
Maren Morris You All Over Me
85%
Chris Stapleton I Bet You Think About Me
80%
Big Red Machine Renegade
80%
Keith Urban That's When
80%
Digital Dog (Remix) Love Story
75%
Nathan Chapman Love Story
75%
ELVIRA (Remix) Love Story
75%
BloodPop (Remix) ...Ready For It?
75%
ELVIRA (remix) willow
75%
LP Giobbi (Remix) Cruel Summer
70%
Joy Williams, John Paul White Safe & Sound
70%
R3HAB (Remix) Wildest Dreams
70%
Clean Bandit (Remix) You Need To Calm Down
70%
Dombresky (Remix) I Can Do It With A Broken Heart
65%
Fat Max Gsus Message In A Bottle
60%
No matching quizzes found
Score Distribution
Percent of People with Each Score
Percentile by Number Answered
Your Score History
You have not taken this quiz